000 00346nam a2200145Ia 4500
008 230917s9999||||xx |||||||||||||| ||und||
040 _e126150
_aMAIN
041 _aEnglish
082 _a658.8 B466S
100 _aBhattacharjee, C
245 0 _aServices marketing
260 _aNew Delhi
_bExcel Books
_c2006
300 _a696 p.
942 _cBK
999 _c152208
_d152208